[Event "Africa-ch U2000"]
[Site "Mombasa"]
[Date "2022.11.29"]
[Round "4"]
[White "Muheto, Dieudonne"]
[Black "Byaruhanga, Jonah"]
[Result "1-0"]
[WhiteElo "1858"]
[BlackElo "1699"]
[PlyCount "66"]
[EventDate "2022.11.27"]
[EventType "swiss"]
[EventRounds "9"]
[EventCountry "KEN"]
[SourceTitle "EXT 2024"]
[Source "ChessBase"]
[SourceDate "2023.10.10"]
[SourceVersion "1"]
[SourceVersionDate "2023.10.10"]
[SourceQuality "1"]

1. d4 Nf6 2. Nf3 d6 3. Bf4 g6 4. e3 Bg7 5. Be2 0-0 6. Nfd2 Nbd7 7. Nc3 c5 8. h4 e5 9. dxe5 Nxe5 10. h5 Qe7 11. hxg6 fxg6 12. Bg5 Qf7 13. Nf3 Qe7 14. Nxe5 dxe5 15. Bc4+ Be6 16. Nd5 Qf7 17. Bxf6 Bxf6 18. e4 Bh4 19. Kd2 Bg5+ 20. Kc3 Qxf2 21. Kb3 b5 22. Ne7+ Bxe7 23. Bxe6+ Kh8 24. a3 Rad8 25. Bd5 c4+ 26. Ka2 Qc5 27. Qd2 g5 28. Qc3 Qd6 29. Rh5 Bf6 30. Qh3 Rd7 31. Rh1 Qe7 32. Qf5 Rf7 33. Bxf7 Qxf7 1-0

[Event "Olympiad-44"]
[Site "Chennai"]
[Date "2022.08.08"]
[Round "10.1"]
[White "Khan, Taffin"]
[Black "Muheto, Dieudonne"]
[Result "1/2-1/2"]
[WhiteElo "2019"]
[BlackElo "1830"]
[PlyCount "94"]
[EventDate "2022.07.29"]
[EventType "team-swiss"]
[EventRounds "11"]
[EventCountry "IND"]
[SourceTitle "CBM 210"]
[Source "ChessBase"]
[SourceDate "2022.10.31"]
[SourceVersion "1"]
[SourceVersionDate "2022.10.31"]
[SourceQuality "1"]
[WhiteTeam "Guyana"]
[BlackTeam "Burundi"]
[WhiteTeamCountry "GUY"]
[BlackTeamCountry "BRI"]

1. d4 Nf6 2. c4 c5 3. d5 b5 4. cxb5 a6 5. bxa6 g6 6. Nc3 Bg7 7. e4 0-0 8. Nf3 Qa5 9. Bd2 Bxa6 10. Bxa6 Qxa6 11. Qe2 Qxe2+ 12. Kxe2 Na6 13. a3 d6 14. h3 Nd7 15. Rab1 c4 16. Na2 Ndc5 17. Rhc1 Nxe4 18. Rxc4 Nxd2 19. Nxd2 Rfc8 20. Rc6 Rcb8 21. b4 Rb5 22. Nc3 Bxc3 23. Rxc3 Rxd5 24. Rc6 Rb5 25. Ne4 Kg7 26. Nc3 Re5+ 27. Kd3 g5 28. a4 h5 29. a5 Nxb4+ 30. Rxb4 Raxa5 31. Rcc4 Re1 32. Re4 Rg1 33. g3 e6 34. h4 Rf1 35. Re2 Rf5 36. Ne4 g4 37. Rbb2 Rc1 38. Rbc2 Rd1+ 39. Red2 Rf3+ 40. Ke2 Rxd2+ 41. Rxd2 d5 42. Nc5 Rc3 43. Nd3 Rc4 44. Nf4 Re4+ 45. Kd1 Re5 46. Re2 Rf5 47. Kd2 Kf8 1/2-1/2

[Event "Olympiad-44"]
[Site "Chennai"]
[Date "2022.08.07"]
[Round "9.1"]
[White "Muheto, Dieudonne"]
[Black "Tan, Santiago Jr"]
[Result "1-0"]
[WhiteElo "1830"]
[BlackElo "1872"]
[PlyCount "149"]
[EventDate "2022.07.29"]
[EventType "team-swiss"]
[EventRounds "11"]
[EventCountry "IND"]
[SourceTitle "CBM 210"]
[Source "ChessBase"]
[SourceDate "2022.10.31"]
[SourceVersion "1"]
[SourceVersionDate "2022.10.31"]
[SourceQuality "1"]
[WhiteTeam "Burundi"]
[BlackTeam "Palau"]
[WhiteTeamCountry "BRI"]
[BlackTeamCountry "PAL"]

1. d4 d5 2. Bf4 Nf6 3. e3 a6 4. Nd2 Bf5 5. c4 c6 6. Ngf3 e6 7. c5 Be7 8. Be2 Nbd7 9. Qb3 Qc8 10. Ne5 0-0 11. Ndf3 h6 12. 0-0 Ne4 13. Bd3 Ndf6 14. Qc2 Rd8 15. Nd2 g5 16. Bg3 Nxd2 17. Qxd2 Bxd3 18. Qxd3 Ne4 19. f3 Nxg3 20. hxg3 Bf6 21. f4 Bxe5 22. fxe5 Rf8 23. Rf6 Kg7 24. Qe2 Rh8 25. Qh5 Qd7 26. Raf1 Raf8 27. Kf2 Rh7 28. Ke2 Qe7 29. Rh1 Rfh8 30. Qg4 Kf8 31. Rh5 Kg7 32. b4 b5 33. e4 Qd7 34. Qf3 Rd8 35. exd5 cxd5 36. g4 Qe7 37. Rh1 Ra8 38. Rf1 Rf8 39. g3 Kg8 40. Kf2 Kg7 41. Kg2 Kg8 42. Qa3 Qb7 43. R6f2 Rg7 44. Qd3 Qe7 45. Qc3 Rc8 46. Rf6 Rh7 47. Ra1 Qd7 48. Qc2 Kg7 49. Rc1 Qe7 50. a3 Qa7 51. Rff1 Rc6 52. Qf2 Qe7 53. Qf6+ Qxf6 54. Rxf6 Kf8 55. Ra1 Kg7 56. a4 Rh8 57. axb5 axb5 58. Ra7 Rf8 59. Rf1 Kg6 60. Ra5 Rb8 61. Rfa1 Rc7 62. Rf1 Re7 63. Rf6+ Kg7 64. Kf2 Rc7 65. Ke3 Rd7 66. Rf1 Kg6 67. Ra6 Rc7 68. Rfa1 h5 69. gxh5+ Kxh5 70. Kf3 Kg6 71. Ra8 Rbb7 72. g4 f5 73. gxf5+ exf5 74. R1a6+ Kg7 75. c6 1-0

[Event "Online Olym Div4 C"]
[Site "Chess.com INT"]
[Date "2021.08.22"]
[Round "11.2"]
[White "Muheto, Dieudonne"]
[Black "Sihlongonyane, Sikhanyiso"]
[Result "1-0"]
[WhiteElo "1802"]
[BlackElo "1713"]
[PlyCount "111"]
[EventDate "2021.08.20"]
[EventType "team (rapid)"]
[EventRounds "11"]
[EventCountry "USA"]
[SourceTitle "CBM 203 Extra"]
[Source "ChessBase"]
[SourceDate "2021.09.30"]
[SourceVersion "1"]
[SourceVersionDate "2021.09.30"]
[SourceQuality "1"]
[WhiteTeam "Burundi"]
[BlackTeam "Swaziland"]
[WhiteTeamCountry "BRI"]
[BlackTeamCountry "SWA"]

1. d4 Nf6 2. Nf3 b6 3. Bf4 Bb7 4. e3 e6 5. Be2 Be7 6. 0-0 0-0 7. h3 d5 8. Nbd2 c5 9. c3 Nbd7 10. Ne5 Ne4 11. f3 Nxd2 12. Qxd2 f6 13. Nxd7 Qxd7 14. Rac1 Bd6 15. Bd3 Bxf4 16. exf4 cxd4 17. cxd4 Rac8 18. Rce1 Rfe8 19. Qf2 Qd6 20. Qh4 f5 21. Re5 Qb4 22. Qf2 Bc6 23. Rfe1 Bd7 24. g4 g6 25. gxf5 exf5 26. Qe3 Kf7 27. Re2 b5 28. a3 Qd6 29. Kh2 a6 30. Bc2 Rxe5 31. fxe5 Qb6 32. Bb3 Be6 33. Rd2 Kg7 34. Qg5 Qd8 35. Qxd8 Rxd8 36. Rc2 h5 37. h4 f4 38. Kg2 b4 39. a4 Ra8 40. Rc6 Kf7 41. Rc7+ Ke8 42. a5 Kd8 43. Rc6 Ke7 44. Bc2 g5 45. hxg5 Rg8 46. g6 h4 47. Kh2 b3 48. Bb1 Rc8 49. Rxc8 Bxc8 50. Bd3 Kf8 51. e6 Ke7 52. g7 Bxe6 53. Bxa6 Kd7 54. Bd3 Bg8 55. Kh3 Kc6 56. Kxh4 1-0

[Event "Online Olym Div4 C"]
[Site "Chess.com INT"]
[Date "2021.08.21"]
[Round "6.3"]
[White "Domingos, Catarino"]
[Black "Muheto, Dieudonne"]
[Result "1-0"]
[WhiteElo "2242"]
[BlackElo "1802"]
[PlyCount "33"]
[EventDate "2021.08.20"]
[EventType "team (rapid)"]
[EventRounds "11"]
[EventCountry "USA"]
[SourceTitle "CBM 203 Extra"]
[Source "ChessBase"]
[SourceDate "2021.09.30"]
[SourceVersion "1"]
[SourceVersionDate "2021.09.30"]
[SourceQuality "1"]
[WhiteTeam "Angola"]
[BlackTeam "Burundi"]
[WhiteTeamCountry "ANG"]
[BlackTeamCountry "BRI"]

1. Nf3 d5 2. g3 Nf6 3. Bg2 e6 4. 0-0 Be7 5. d4 0-0 6. c4 Nbd7 7. Qc2 c6 8. Rd1 Ne4 9. Nc3 Ndf6 10. Ne5 Nxc3 11. bxc3 Bd7 12. a4 b6 13. Bf4 Rc8 14. a5 b5 15. c5 a6 16. Nd3 Nh5 17. Be3 1-0

[Event "Online Olym Div4 C"]
[Site "Chess.com INT"]
[Date "2021.08.20"]
[Round "1.6"]
[White "Mohamed, Ali Djama"]
[Black "Muheto, Dieudonne"]
[Result "0-1"]
[WhiteElo "1629"]
[BlackElo "1802"]
[PlyCount "82"]
[EventDate "2021.08.20"]
[EventType "team (rapid)"]
[EventRounds "11"]
[EventCountry "USA"]
[SourceTitle "CBM 203 Extra"]
[Source "ChessBase"]
[SourceDate "2021.09.30"]
[SourceVersion "1"]
[SourceVersionDate "2021.09.30"]
[SourceQuality "1"]
[WhiteTeam "Djibouti"]
[BlackTeam "Burundi"]
[WhiteTeamCountry "DJI"]
[BlackTeamCountry "BRI"]

1. e4 c6 2. d4 d5 3. Nc3 dxe4 4. Nxe4 Nd7 5. Bd3 Ndf6 6. Be3 Nxe4 7. Bxe4 Nf6 8. Bd3 g6 9. Qd2 Bg7 10. Nf3 Bg4 11. 0-0-0 a5 12. h3 Be6 13. Kb1 Nd5 14. c3 b5 15. Ng5 Bd7 16. Rhe1 h6 17. Ne4 b4 18. c4 Nxe3 19. Qxe3 0-0 20. Bc2 b3 21. Bxb3 Qb6 22. Nc3 Bf5+ 23. Ka1 a4 24. Nxa4 Qb4 25. Qxe7 Rxa4 26. Bxa4 Qxa4 27. g4 Ra8 28. a3 Be6 29. Rc1 Bxc4 30. Qc5 Bd5 31. Qc2 Qxd4 32. Re3 Rb8 33. Rc3 Qb6 34. Rd1 Bxc3 35. Qxc3 Qxf2 36. Qe5 Qb6 37. Qc3 Kh7 38. h4 Qd8 39. Qe5 Qb6 40. h5 Qb3 41. Rxd5 cxd5 0-1

[Event "Online Olym Div4 C"]
[Site "Chess.com INT"]
[Date "2021.08.20"]
[Round "3.6"]
[White "Muheto, Dieudonne"]
[Black "Novak, Robert"]
[Result "0-1"]
[WhiteElo "1802"]
[BlackElo "2190"]
[PlyCount "110"]
[EventDate "2021.08.20"]
[EventType "team (rapid)"]
[EventRounds "11"]
[EventCountry "USA"]
[SourceTitle "CBM 203 Extra"]
[Source "ChessBase"]
[SourceDate "2021.09.30"]
[SourceVersion "1"]
[SourceVersionDate "2021.09.30"]
[SourceQuality "1"]
[WhiteTeam "Burundi"]
[BlackTeam "Malta"]
[WhiteTeamCountry "BRI"]
[BlackTeamCountry "MLT"]

1. d4 d5 2. Bf4 Nf6 3. Nf3 c5 4. e3 Nc6 5. Nbd2 Bg4 6. h3 Bh5 7. c3 e6 8. Qb3 Qb6 9. Bb5 Nd7 10. Ne5 Ndxe5 11. Bxe5 a6 12. Bxc6+ Qxc6 13. a4 f6 14. Bg3 Be7 15. 0-0 0-0 16. c4 Rfd8 17. cxd5 Qxd5 18. Qxd5 Rxd5 19. Nc4 Bd8 20. dxc5 Rxc5 21. Nd6 b6 22. Rfc1 Be7 23. Rxc5 bxc5 24. Rc1 Rd8 25. Nc4 e5 26. f3 Bf7 27. e4 Rb8 28. Bf2 h6 29. a5 Rb4 30. Nb6 Rxb2 31. Bxc5 Bxc5+ 32. Rxc5 Ra2 33. Nd5 Bxd5 34. exd5 Kf7 35. Kh2 g5 36. Kg3 h5 37. Rc7+ Kg6 38. Rc5 Kf5 39. d6 Ke6 40. Rc6 h4+ 41. Kh2 Rxa5 42. d7+ Kxd7 43. Rxf6 Ra1 44. Rg6 a5 45. Rxg5 Ke6 46. Rg4 a4 47. Rxh4 a3 48. Ra4 a2 49. h4 Kf5 50. Kg3 Ke6 51. h5 Kf5 52. Kf2 Kg5 53. Ke2 Rg1 54. f4+ exf4 55. Ra5+ Kg4 0-1

[Event "Online Olym Base B"]
[Site "Chess.com INT"]
[Date "2020.07.27"]
[Round "8.5"]
[White "Nezad, Husein Aziz"]
[Black "Muheto, Dieudonne"]
[Result "1-0"]
[WhiteElo "2386"]
[BlackElo "1802"]
[PlyCount "117"]
[EventDate "2020.07.25"]
[EventType "team-tourn (rapid)"]
[EventRounds "9"]
[EventCountry "USA"]
[SourceTitle "CBM 198"]
[Source "ChessBase"]
[SourceDate "2020.10.31"]
[SourceVersion "1"]
[SourceVersionDate "2020.10.31"]
[SourceQuality "1"]
[WhiteTeam "Qatar"]
[BlackTeam "Burundi"]
[WhiteTeamCountry "QAT"]
[BlackTeamCountry "BRI"]

1. e4 d5 2. exd5 Qxd5 3. Nc3 Qd6 4. d4 Nf6 5. Nge2 c6 6. Bf4 Qd8 7. Qd3 g6 8. Ng3 Bg7 9. 0-0-0 Nd5 10. Nxd5 cxd5 11. h4 h5 12. Kb1 Nc6 13. c3 0-0 14. Be2 Bd7 15. Ka1 a6 16. Bxh5 gxh5 17. Nxh5 Bg4 18. Nxg7 Bxd1 19. Qg3 Kh7 20. Qg5 Rh8 21. Rxd1 e5 22. Nf5 Qxg5 23. Bxg5 Kg6 24. g4 f6 25. Be3 e4 26. a3 b5 27. Bf4 Kf7 28. h5 Ne7 29. Ne3 Ke6 30. Rh1 Raf8 31. Ka2 f5 32. g5 Ng6 33. Ng2 a5 34. Rh2 Ne7 35. Be5 Rh7 36. Nf4+ Kd7 37. g6 Rh6 38. Bg7 Rfh8 39. Bxh8 Rxh8 40. g7 Rh7 41. h6 Ng8 42. Nxd5 Rxh6 43. Rxh6 Nxh6 44. Nf6+ Ke6 45. g8Q+ Nxg8 46. Nxg8 f4 47. d5+ Kxd5 48. Nf6+ Ke5 49. Nh5 e3 50. fxe3 fxe3 51. Ng3 Kf4 52. Ne2+ Kf3 53. Nd4+ Ke4 54. Kb3 Kd3 55. Nf3 e2 56. a4 Ke3 57. Ne1 Kd2 58. Ng2 Kc1 59. axb5 1-0

[Event "Belt and Road Hunan op-C"]
[Site "Changsha"]
[Date "2019.08.02"]
[Round "8"]
[White "Muheto, Dieudonne"]
[Black "Ding, Shirui"]
[Result "1-0"]
[WhiteElo "1838"]
[BlackElo "1463"]
[PlyCount "85"]
[EventDate "2019.07.29"]
[EventType "swiss"]
[EventRounds "9"]
[EventCountry "CHN"]
[SourceTitle "EXT 2020"]
[Source "ChessBase"]
[SourceDate "2019.10.17"]
[SourceVersion "1"]
[SourceVersionDate "2019.10.17"]
[SourceQuality "1"]

1. d4 Nf6 2. Nf3 g6 3. Bf4 Bg7 4. h3 d5 5. e3 0-0 6. Nbd2 Nbd7 7. Bd3 c5 8. c3 b6 9. Ne5 Bb7 10. Be2 Nxe5 11. Bxe5 Nd7 12. Bxg7 Kxg7 13. 0-0 Qc7 14. Bg4 Nf6 15. Be2 Nd7 16. Rc1 e5 17. f4 exd4 18. exd4 cxd4 19. cxd4 Qd6 20. Qb3 Rfe8 21. Bb5 Rac8 22. Rxc8 Rxc8 23. f5 Bc6 24. Bd3 Nf6 25. fxg6 fxg6 26. Nf3 Rf8 27. Ne5 Bb7 28. a4 Bc8 29. Qc2 Nd7 30. Rxf8 Qxf8 31. Qc7 Qf4 32. Kh1 Qg3 33. Bb5 Qf4 34. Qxc8 Nxe5 35. Qc7+ Kf6 36. Qxe5+ Qxe5 37. dxe5+ Kxe5 38. Kg1 Kd4 39. Kf2 Kc5 40. Ke3 Kb4 41. Kd4 Kb3 42. Kxd5 Kxb2 43. Ke6 1-0

[Event "Belt and Road Hunan op-C"]
[Site "Changsha"]
[Date "2019.08.02"]
[Round "9"]
[White "Xing, Haiquan"]
[Black "Muheto, Dieudonne"]
[Result "1-0"]
[WhiteElo "1584"]
[BlackElo "1838"]
[PlyCount "83"]
[EventDate "2019.07.29"]
[EventType "swiss"]
[EventRounds "9"]
[EventCountry "CHN"]
[SourceTitle "EXT 2020"]
[Source "ChessBase"]
[SourceDate "2019.10.17"]
[SourceVersion "1"]
[SourceVersionDate "2019.10.17"]
[SourceQuality "1"]

1. e4 c6 2. d4 d5 3. exd5 cxd5 4. c3 Nf6 5. Bd3 g6 6. Nf3 Bg7 7. 0-0 0-0 8. Re1 Bg4 9. h3 Bxf3 10. Qxf3 e6 11. Nd2 Nbd7 12. Qe2 Qc7 13. Nf3 Nh5 14. Ne5 a6 15. Nxd7 Qxd7 16. Bg5 h6 17. Be3 Nf6 18. Qd2 Kh7 19. Bf4 Ne8 20. h4 Nf6 21. Qc2 Nh5 22. Bh2 Nf6 23. Be5 h5 24. Bxf6 Bxf6 25. g4 Bxh4 26. gxh5 Kg7 27. Re5 f6 28. Re3 e5 29. Bxg6 Qg4+ 30. Kh1 Bg5 31. Rg3 Qh4+ 32. Kg2 e4 33. Qb3 Kh6 34. Qxb7 Rh8 35. Qxd5 e3 36. fxe3 Rab8 37. Bc2 Rxb2 38. Qf5 Rxc2+ 39. Qxc2 Qxh5 40. Rh1 Bh4 41. Rxh4 Qxh4 42. Qg6# 1-0